| LEADER |
00808nam0a2200229 450 |
| 001 |
16826483 |
| 010 |
|
|
|a 978-2-88471-369-6
|b rel.
|d 10,6
|
| 100 |
|
|
|a 20161109d2016 u u0frey01 ba
|
| 101 |
0 |
|
|a fre
|
| 102 |
|
|
|a CH
|
| 200 |
0 |
|
|a terre promise (La)
|f dessin, Achdé
|g scénario, Jul d'après Morris - couleur, Mel
|
| 207 |
|
1 |
|a
|
| 210 |
|
|
|a [Givrins] (Suisse)
|c Lucky comics
|d 2016
|
| 215 |
|
|
|a 1 vol. (48 p.)
|d 29 cm
|
| 225 |
1 |
|
|a Les aventures de Lucky Luke d'après Morris
|v 7
|
| 461 |
|
0 |
|t Lucky Luke
|
| 700 |
|
0 |
|a Achdé
|f 1961-....
|4 440
|
| 702 |
|
0 |
|a Jul
|f 1974-....
|4 70
|
| 702 |
|
0 |
|a Morris
|f 1923-2001
|4 100
|
| 900 |
|
|
|a Bande Dessinée enfant ado
|
| 901 |
|
|
|a Réserve
|
| 995 |
|
|
|a Bibliothèque
|c Bibliothèque
|f 024017558
|h 024017558
|k BD MOR
|o p
|q j
|r az
|u Vérifier la pastille sur la côte
|e Bibliothèque
|